Historia de la educación
Guardat en:
| Autor principal: | |
|---|---|
| Format: | Llibre |
| Idioma: | espanyol |
| Publicat: |
Buenos Aires
Itinerarium
1957
|
| Edició: | Octava edición |
| Matèries: | |
| Etiquetes: |
Afegir etiqueta
Sense etiquetes, Sigues el primer a etiquetar aquest registre!
|
MARC
| LEADER | 00000nam a2200000 a 4500 | ||
|---|---|---|---|
| 001 | UCY7736 | ||
| 003 | CL-VaPUC | ||
| 005 | 20210602001438.0 | ||
| 008 | 950616e19570316AG |||||||||||||||||spa|d | ||
| 999 | |c 235057 |d 235055 | ||
| 040 | |c Pontificia Universidad Católica de Valparaíso | ||
| 082 | 0 | 4 | |a 370.09 ZUR 1957 |2 21 |
| 100 | 0 | |a Zuretti, Juan Carlos |e author |9 338484 | |
| 245 | 1 | 0 | |a Historia de la educación |
| 250 | |a Octava edición | ||
| 260 | |a Buenos Aires |b Itinerarium |c 1957 | ||
| 300 | |a 302 páginas | ||
| 583 | |a last modification |c 20160830 03:51:48 |k Rodrigo Vera | ||
| 650 | 7 | |a HISTORIA DE LA EDUCACION SIGLOS 17-20 |2 CL-VaPUC |9 338481 | |
| 650 | 0 | |a Historia antigua |9 267521 | |
| 651 | 0 | |a Grecia |9 265314 | |
| 651 | 0 | |a Roma |9 255106 | |
| 651 | 0 | |a Argentina |9 254888 | |
| 942 | |c BK |2 ddc | ||
| 945 | |d 19950616 00:00:00 |a lriquelm | ||
| 952 | |0 0 |1 0 |4 0 |6 370_090000000000000_ZUR_1957 |7 0 |8 P |9 242194 |a BIBEDU |b BIBEDU |c BIBEDU_PB |d 2019-11-18 |i 1518313 |o 370.09 ZUR 1957 |p 1518313 |r 2024-01-25 |w 2019-11-18 |y BK |k EDU | ||
| 952 | |0 0 |1 0 |4 0 |6 370_090000000000000_ZUR_1957 |7 0 |8 P |9 242195 |a BIBEDU |b BIBEDU |c BIBEDU_PB |d 2019-11-18 |i 1518321 |o 370.09 ZUR 1957 |p 1518321 |r 2024-01-25 |w 2019-11-18 |y BK |k EDU | ||